000
00221 a2200097 4500
001
34673
100
_a
IAN, Mc Whinney IAN
245
_a
Family Medicine
260
_a
Newyork
_b
Oxford University
_c
090
_c
22957
_d
22957
942
_a
NUST-CAE
_c
M
_c
14399
999
_c
269746
_d
269746